Nowitzki : el tiro perfecto = Nowitzki : The Perfect Shot = Nowitzki : Der perfekte Wurf /
El documental sigue al basquetbolista alemán Dirk Nowitzki en su ascenso en la NBA, la liga de baloncesto profesional en Estados Unidos, así como la relación que mantuvo con su entrenador y mentor Holger Geschwindner.
Gespeichert in:
| 1. Verfasser: | |
|---|---|
| Weitere Verfasser: | , , , |
| Format: | |
| Sprache: | German |
| Veröffentlicht: |
Alemania :
Perfect Shot Films,
2014, c2014
|
| Schlagworte: | |
| Tags: |
Keine Tags, Fügen Sie das erste Tag hinzu!
|
MARC
| LEADER | 00000ngm^a2200000^a^4500 | ||
|---|---|---|---|
| 001 | 000618417 | ||
| 005 | 20250812000000.0 | ||
| 009 | 20260310133759.338 | ||
| 037 | |a Acervo ITESO - Biblioteca | ||
| 041 | |a ALE | ||
| 082 | |a 796. 3230973093 |b DEH | ||
| 100 | |a Dehndart, Sebastian |e (realización) | ||
| 245 | 1 | 0 | |a Nowitzki : |b el tiro perfecto = Nowitzki : The Perfect Shot = Nowitzki : Der perfekte Wurf / |c Realización de S. Dehndart. |
| 246 | 2 | |a Título en México: no conocido/no identificado | |
| 246 | 2 | |a Título en la pantalla: Nowitzki: el tiro perfecto | |
| 246 | 2 | |a Título en la cubierta: Nowitzki: The Perfect Shot | |
| 264 | 4 | |a Alemania : |b Perfect Shot Films, |c 2014, c2014 | |
| 264 | 2 | |a Los Angeles, EUA : |b Magnolia Pictures [distribución], |c 2015, c2015 | |
| 300 | |a 1 blu-ray región A (106, 12 min.) : |b color | ||
| 336 | |a imagen móvil bidimensional |b tdi |2 rdacontenido | ||
| 337 | |a video |b v |2 rdamedio | ||
| 338 | |a videodisco |b vd |2 rdasoporte | ||
| 520 | |a El documental sigue al basquetbolista alemán Dirk Nowitzki en su ascenso en la NBA, la liga de baloncesto profesional en Estados Unidos, así como la relación que mantuvo con su entrenador y mentor Holger Geschwindner. | ||
| 546 | |a En alemán e inglés, con subtítulos opcionales: español, francés, inglés | ||
| 649 | |a XX | ||
| 650 | |a Deportistas Profesionales Alemanes | ||
| 650 | |a Deportistas Alemanes | ||
| 650 | |a Entrenadores Deportivos Alemanes | ||
| 650 | |a Documentales | ||
| 650 | |a Cine Alemán - |y 2010-2019 | ||
| 650 | |a Cine Alemán - |y Siglo XXI | ||
| 650 | |a Basquetbol - |z EUA - |x Historia - |y Siglo XXI | ||
| 650 | |a Deportes - |z EUA - |x Historia - |y Siglo XXI | ||
| 650 | |a Nowitzki, Dirk - |x Tema Principal | ||
| 650 | |a Geschwindner, Holger | ||
| 700 | |a Dehndart, Sebastian |e (guión) | ||
| 700 | |a Imdahl, Johannes |e (fotógrafo) | ||
| 700 | |a Hammesfahr, André |e (montaje) | ||
| 700 | |a Ziethen, Stefan |e (música) | ||
| 910 | |a Fondo General | ||
| 920 | |a Audiovisuales - Blu-rays | ||
| 940 | |a Películas | ||
| 905 | |a 303 | ||
| 901 | |a 618417-10 |b IT2 |c BRS |i C190264 |u 20250812 | ||
| 902 | |a https://opac.biblio.iteso.mx/vufind/Record/000618417 | ||